| 000 | 01192njm a22003017a 4500 | ||
|---|---|---|---|
| 005 | 20100913100347.0 | ||
| 007 | sd ammalaaahaa | ||
| 008 | 100913t xxu||||| |||| 00| 0 hin d | ||
| 028 |
_aTAE. 1645 _bODEON |
||
| 035 | _aGR-02014 | ||
| 040 | _aSED/VEN | ||
| 100 |
_aKishore Kumar _919606 |
||
| 245 |
_aSafar / _cby Kishore Kumar [and] Mukesh ; music by Kalyanji Anandji ; lyric by Indiwar _h[sound recording] : |
||
| 246 | _aसफ़र (किशोर कुमार और मुकेश) | ||
| 260 |
_aDum Dum, India _bODEON _c1970 |
||
| 300 |
_a1 sound disc [Gramophone record] : _banalog, 45 rpm _c7 in. _fGramophone record |
||
| 500 | _aBrief record. | ||
| 500 | _aODEON | ||
| 500 | _aBlack | ||
| 500 | _aExtended Play | ||
| 505 |
_aPart 1 Zindagi ka safar (Kishore Kumar) ज़िन्दगी का सफ़र, Part 2 Jo tum ko ho pasand (Mukesh) जो तुम को हो पसंद _r |
||
| 650 |
_aClassical Music _xExcerpts _zIndia _919607 |
||
| 700 |
_aMukesh _91184 |
||
| 700 |
_aKalyanji Anandji _919690 |
||
| 700 |
_aIndiwar _919704 |
||
| 942 |
_2ddc _cGR |
||
| 999 |
_c45368 _d45368 |
||